Mots à deux lettres - Statistiques

Statistiques générales
  • Ce quiz a été pris 56 fois
  • Le résultat moyen est 12 sur 15
Statistiques - réponses
Définition Réponse % Correct
Lettre de l'alphabet grec ou 3,141592.... Pi
98%
Ancien conjoint Ex
96%
Première personne du singulier Je
96%
Mot fréquemment utilisé permettant de faire le lien entre deux choses Et
94%
Première note de la gamme Do
92%
Interjection pouvant marquer la surprise, la peur, l'étonnement Ah
90%
Habitudes, usages Us
86%
Dans son plus simple appareil Nu
84%
Conifère If
78%
Le symbole sonore de l'absolu (ou club de football phocéen) Om
74%
Ancien nom de la réponse du dessus Ut
74%
Jeu d'origine chinoise Go
70%
Fleuve côtier du nord de la France Aa
50%
Mesure itinéraire chinoise Li
48%
Energie vitale, dans les culture chinoises et japonaises Qi
24%
Aucun quiz correspondant
Distribution des résultats
% des personnes avec chaque résultat
Percentile par nombre de réponses
Votre historique - résultats
Vous n’avez pas pris ce quiz